00679nam a2200193Ia 4500001001000000003000500010008004100015010001100056040000900067100002800076245016600104260003200270300001000302502006300312650002600375650002800401650001100429710004500440Para_5916CHAP220125s1973 xx 000 0 und d a204377 cCHAP aMújica Espinosa, Juan aConsideraciones prácticas para el combate de la tuza (Hetero gemys sp.) en la zona cañera del ingenio central Motzorongo, S.A. /c por Juan Mújica Espinosa aUruapan, Mich. :b el autor a51 h. aTesis (Ing. Agr.) UMSNH (Mich.) Parasitología Agrícola aAgricultura x plagas aRoedores x exterminio  aTuzas  aUMSNH (Mich.) Parasitología Agrícola